LEADER 01036nam0-22003251i-450- 001 990004786060403321 005 20061116170906.0 035 $a000478606 035 $aFED01000478606 035 $a(Aleph)000478606FED01 035 $a000478606 100 $a19990604g19559999km-y0itay50------ba 101 0 $aita 102 $aGB 105 $aa-------001yy 200 1 $aHandbook of english costume in the seventeenth century$fby C. willet & Phillis Cunnington$gwith illustrations by Barbara Philippson 210 $aLondon$cFaber and Faber$d1955. 215 $a222 p., 1 tav. color.$cill.$d23 cm 610 0 $aCostume$aGran Bretagna del XVII secolo 676 $a391.009 700 1$aCunnington,$bC. Willet$0393168 702 1$aCunnington,$bPhillis 702 1$aPhilippson,$bBarbara 801 0$aIT$bUNINA$gRICA$2UNIMARC 901 $aBK 912 $a990004786060403321 952 $a391.009 WIL 3$bs.i.$fFLFBC 959 $aFLFBC 996 $aHandbook of english costume in the seventeenth century$9561404 997 $aUNINA LEADER 00854nac0-22002891i-450- 001 990007017460403321 005 20011212 035 $a000701746 035 $aFED01000701746 035 $a(Aleph)000701746FED01 035 $a000701746 100 $a20011212d1937----km-y0itay50------ba 101 0 $aita 102 $aIT 105 $ay-------001yy 200 1 $a<>Violenza nel negozio giuridico canonico$econtributo alla dottrina canonistica dei negozi giuridici$fOrio Giacchi 210 $aMilano$cGiuffrè$d1937 215 $a99 p.$d24 cm 676 $a262.9$v20$zita 700 1$aGiacchi,$bOrio$f<1909-1982>$0205903 801 0$aIT$bUNINA$gRICA$2UNIMARC 901 $aBK 912 $a990007017460403321 952 $aBUSTA 8[1] 37$b22883$fFGBC 959 $aFGBC 996 $aViolenza nel negozio giuridico canonico$91498577 997 $aUNINA LEADER 03291nam 22006972 450 001 9910456021103321 005 20151005020621.0 010 $a1-107-13005-0 010 $a0-511-14808-9 010 $a0-511-48702-9 010 $a0-511-04719-3 010 $a0-511-33021-9 010 $a0-511-17767-4 010 $a0-521-79294-0 010 $a1-280-43296-9 035 $a(CKB)111082128285900 035 $a(EBL)201393 035 $a(OCoLC)475914766 035 $a(SSID)ssj0000188869 035 $a(PQKBManifestationID)11171975 035 $a(PQKBTitleCode)TC0000188869 035 $a(PQKBWorkID)10156377 035 $a(PQKB)11124715 035 $a(UkCbUP)CR9780511487026 035 $a(MiAaPQ)EBC201393 035 $a(Au-PeEL)EBL201393 035 $a(CaPaEBR)ebr10021350 035 $a(CaONFJC)MIL43296 035 $a(EXLCZ)99111082128285900 100 $a20090226d2002|||| uy| 0 101 0 $aeng 135 $aur||||||||||| 181 $ctxt$2rdacontent 182 $cc$2rdamedia 183 $acr$2rdacarrier 200 10$aLanguage and literary structure $ethe linguistic analysis of form in verse and narrative /$fNigel Fabb$b[electronic resource] 210 1$aCambridge :$cCambridge University Press,$d2002. 215 $a1 online resource (x, 230 pages) $cdigital, PDF file(s) 300 $aTitle from publisher's bibliographic system (viewed on 05 Oct 2015). 311 $a0-521-79698-9 311 $a0-511-02031-7 320 $aIncludes bibliographical references (p. 216-226) and indexes. 327 $a1. Literary form -- 2. Generated metrical form -- 3. Communicated form -- 4. The communication of metre -- 5. Lines -- 6. Line-groups in metrical verse and in narrative -- 7. Complexity. 330 $aHow does a literary text get to have literary form, and what is the relation between literary form and linguistic form? This theoretical study of linguistic structure in literature focuses on verse and narrative from a linguistic perspective. Nigel Fabb provides a simple and realistic linguistic explanation of poetic form in English from 1500-1900, drawing on the English and American verse and oral narrative tradition, as well as contemporary criticism. In recent years literary theory has paid relatively little attention to form; this book argues that form is interesting. Fabb offers a new linguistic approach to how metre and rhythm work in poetry, based on pragmatic theory and provides a pragmatic explanation of formal ambiguity and indeterminacy and their aesthetic effects. He also uses linguistics to examine the experience of poetry. Language and Literary Structure will be welcomed by students and researchers in linguistics, literary theory and stylistics. 517 3 $aLanguage & Literary Structure 606 $aEnglish language$xVersification 606 $aNarration (Rhetoric) 606 $aLiterary form 606 $aPoetics 615 0$aEnglish language$xVersification. 615 0$aNarration (Rhetoric) 615 0$aLiterary form. 615 0$aPoetics. 676 $a421/.6 700 $aFabb$b Nigel$0132891 801 0$bUkCbUP 801 1$bUkCbUP 906 $aBOOK 912 $a9910456021103321 996 $aLanguage and literary structure$9668729 997 $aUNINA